Statistics for The 100 Trivia (TV Show)

Click here to take the quiz!

General Stats

  • This quiz has been taken 2,123 times
    (1,753 since last reset)
  • The average score is 26 of 40

Answer Stats

Hint Answer % Correct
Who was the girl found under the floor?Octavia Blake
97%
Who is the grounder commander?Lexa
95%
Who is the "leader" of the Sky People on the ground?Clarke Griffin
94%
Who is the Chancellor on the Ark?Thelonious Jaha
85%
At what age are children on the ark re-tried before they are floated?18
85%
Who killed Finn?Clarke
83%
On their first day on the ground, what mutated animal did they find?Two-Headed Deer
83%
What was the name of the girl who helped Jasper in Mount Weather?Maya
81%
Who is responsible for Jake Griffin's death?Abby Griffin
81%
How many of the 100 died on the journey to the ground?2
80%
Who shot Raven?John Murphy
78%
What grounder is captured and tortured by Bellamy after stabbing Finn?Lincoln
77%
Who did Lexa fight when challenged by the Ice Queen?Roan
77%
Who does Clarke kiss in the season 3 episode "Thirteen"?Lexa
76%
What is the name of the Sky People's camp?Arkadia
76%
What is the name of the grounder capital?Polis
74%
Who does Titus accidentally kill with a gun?Lexa
72%
What place is Jaha in search of?City of Light
71%
Who does Titus give the flame to before he is killed?Clarke
70%
What is the name of the computer system that destroyed the world?ALIE
70%
Who makes Indra want to fight again after her shoulder injury?Octavia
69%
Who killed Wells?Charlotte
68%
Who was executed by Pike for being a grounder?Lincoln
67%
Who did Clarke escape from Mount Weather with?Anya
66%
Who became Chancellor of Arkadia after the first election on the ground?Charles Pike
64%
Who kills Monty's mom twice?Monty
63%
Who swore fealty to Clarke?Lexa
62%
Who created the system that destroyed the world?Beca
60%
What does Luna reject from Clarke?The Flame
55%
What clan is responsible for Costia's death?Ice Nation
52%
Who is the Commander's adviser?Titus
50%
How long does ALIE say they have until they all die?6 Months
49%
Who does Murphy run away with?Emori
47%
What was the name of the 13th space station?Polaris
44%
Who attacked Harper in Arkadia?Jasper
35%
In what village did Finn commit the massacre?Tondc
30%
How was Aiden killedBeheaded
29%
Who do Abby and Clarke fight to save from a bullet wound in the season 4 premiere?Roan
27%
What was in the box delivered to Clarke and Lexa in Polis?Emmerson
26%
Who is the executive producer of The 100?Jason Rothenberg
24%

Score Distribution

Percentile by Number Answered

Percent of People with Each Score

Your Score History

You have not taken this quiz since the last reset